Jednání rozhodčí komise a jeho příprava

Saved in:
Bibliographic Details
Main Author: Pudík, Vladimír
Format: Book
Language:Czech
Published: Praha Práce 1986
Edition:1. vyd.
Series:Na pomoc rozhodčím komisím
Tags: Add Tag
No Tags, Be the first to tag this record!

MARC

LEADER 00000nam a2200000 4500
001 c024002
005 20221220071746.5
041 0 |a cze 
044 |a CZ 
245 1 0 |a Jednání rozhodčí komise a jeho příprava  |c Vladimír Pudík 
250 |a 1. vyd. 
264 1 |a Praha  |b Práce  |c 1986 
300 |a 125 s. 
490 1 |a Na pomoc rozhodčím komisím 
830 0 |a Na pomoc rozhodčím komisím 
100 1 |a Pudík, Vladimír